Spott : Community Care Centre for Drug-Dependent Persons and theri Families : networking for prevention at local level Community Care Centre for Drug-Dependent Persons and theri Families :
Publicado:
Barcelona :
Diputació de Barcelona. Àrea de Benestar Social. Servei d'Acció Social ,
2005
Descripción Física:
26 p. ; 24 cm
MARC
| LEADER | 00000nam a2200000Ia 4500 | ||
|---|---|---|---|
| 001 | 22294 | ||
| 008 | 160829s2005 xx 000 0 cat d | ||
| 080 | |a FU-54-18 | ||
| 245 | |a Spott : |b Community Care Centre for Drug-Dependent Persons and theri Families : |b networking for prevention at local level | ||
| 260 | |a Barcelona : |b Diputació de Barcelona. Àrea de Benestar Social. Servei d'Acció Social, |c 2005 | ||
| 300 | |a 26 p. ; |c 24 cm | ||
| 590 | |a Text en anglès. | ||
| 650 | |a Drogoaddicció |x Congressos |9 31522 | ||
| 650 | |a Drogues |x Congressos |9 31523 | ||
| 710 | 1 | |a Barcelona (Catalunya : Província). |b Servei d'Acció Social |9 55537 | |
| 901 | |a Arxiu | ||
| 942 | |n 1 | ||
| 952 | |0 0 |1 0 |4 0 |6 FU5418 |7 1 |9 55137 |a Arxiu |b Arxiu |d 2016-12-01 |l 0 |o FU-54-18 |p 22294 |r 2016-12-01 00:00:00 |w 2016-12-01 |y ARXIU | ||
| 999 | |c 59009 |d 59009 | ||